| 000 | 00557nam a22001937a 4500 | ||
|---|---|---|---|
| 005 | 20251108164041.0 | ||
| 008 | 250721s1995 xx 000 0 ara d | ||
| 082 | 1 | 4 | _a216,8/ذهب |
| 100 | 1 | _aالذهبي، شمس الدين أبو عبد الله ... | |
| 245 | 1 | 0 | _aكتاب الكبائر / |
| 264 | 1 |
_aبيروت : _bدار الخير، _c1995. |
|
| 300 | _a366ص | ||
| 650 | 1 | 7 | _aالإسلام |
| 650 | 1 | 7 | _aالفقه |
| 650 | 1 | 7 | _aالعقوبات |
| 700 | 1 |
_aعبد المنان، حسان _eتحقيق |
|
| 942 |
_2ddc _cBK |
||
| 999 |
_c2369 _d2369 |
||